00724nam a2200169 i 4500001000700000003000900007005001700016008004100033040001900074100004100093245012300134260006000257300002100317500011000338710003700448852006900485166952ES-MaACL20230906213431.0931025s1888 sp |||| | spa d aAS bspa cPAB1 aVallina y Subirana, Inocencio de la.10aDiscurso leido en la solemne apertura del curso académico de 1888 a 1889 / cpor Inocencio de la Vallina y Subirana. aOviedo : b[s.n.], c1888 (fEst. tip. de Vicente Brid) a48 p. ; c31 cm. aTema - Carácter general de la obra del Sr. Oliveira Martín, titulada Historia da civiliçao iberica.0 aUniversidad Literaria de Oviedo. aES-MaACLjT-498-F-4 z-- Enc. hol. z-- Enc. en un vol. facticio